| 000 | 00475nam a22001577a 4500 | ||
|---|---|---|---|
| 005 | 20150526052516.0 | ||
| 008 | 150526b xxu||||| |||| 00| 0 eng d | ||
| 080 |
_a343.983 _bS737 2008 |
||
| 082 |
_222 _a343.983 |
||
| 100 |
_d1951- _aStewart, Kathleen |
||
| 245 |
_aMicrosoft Office Excel 2007 : _cKathleen Stewart. |
||
| 260 |
_aBoston : _bMcGraw-Hill, _cc2008. |
||
| 300 |
_a763 f. _bme il.; _c28 cm. |
||
| 650 | 0 | _2Computer programs. | |
| 942 |
_2udc _cBK |
||
| 999 |
_c899 _d899 |
||